Normal view
MARC view
Entry Personal Name
001 - CONTROL NUMBER
- control field: 1237563
003 - CONTROL NUMBER IDENTIFIER
- control field: OSt
005 - DATE AND TIME OF LATEST TRANSACTION
- control field: 20260430150446.0
008 - FIXED-LENGTH DATA ELEMENTS
- fixed length control field: 260430|| aca||aabn | a|a d
040 ## - CATALOGING SOURCE
- Original cataloging agency: OSt
- Transcribing agency: OSt
100 ## - HEADING--PERSONAL NAME
- Personal name: Tuan Tran Anh Au.; Singh Indra Narain Gu
670 ## - SOURCE DATA FOUND
- Source citation: Work cat.: (OSt)1849829: Tuan Tran Anh Au.; Singh Indra Narain Gu., Noble Eight Fold Path and its Practical Values: A Critical Study, 2019
